000 00357 a2200157 4500
001 74868
020 _a8516028402
040 _cAnchieta - Colégio São Paulo
100 _aMayhew, James
240 1 0 _aÉrica e os girassóis
_lpor
245 1 0 _aÉrica e os girassóis
300 _a[32]
362 0 _a2005
650 4 _aLiteratura infantil
942 _cBK
999 _c74868
_d74868